<?xml version="1.0" encoding="UTF-8"?>
<record
    xmlns:xsi="http://www.w3.org/2001/XMLSchema-instance"
    xsi:schemaLocation="http://www.loc.gov/MARC21/slim http://www.loc.gov/standards/marcxml/schema/MARC21slim.xsd"
    xmlns="http://www.loc.gov/MARC21/slim">

  <leader>00719nam a22001577a 4500</leader>
  <controlfield tag="008">230504b        |||||||| |||| 00| 0 eng d</controlfield>
  <datafield tag="040" ind1=" " ind2=" ">
    <subfield code="a">National Science Library</subfield>
    <subfield code="c">National Science Library</subfield>
  </datafield>
  <datafield tag="080" ind1=" " ind2=" ">
    <subfield code="a">R 92:061.6.055.6(540)</subfield>
    <subfield code="b">M4</subfield>
  </datafield>
  <datafield tag="245" ind1=" " ind2=" ">
    <subfield code="a">Biographical memoirs of the fellows of the Indian national science academy</subfield>
    <subfield code="c">/ Indian National Science Academy</subfield>
  </datafield>
  <datafield tag="260" ind1=" " ind2=" ">
    <subfield code="a">New Delhi: </subfield>
    <subfield code="b">Indian National Science Academy, </subfield>
    <subfield code="c">1973</subfield>
  </datafield>
  <datafield tag="300" ind1=" " ind2=" ">
    <subfield code="a">100p.</subfield>
  </datafield>
  <datafield tag="500" ind1=" " ind2=" ">
    <subfield code="a">Vol. 3 (1973); 100p.
Vol. 6 (1979); 88p.
Vol. 9 (1984); 134p.
Vol. 10 (1985); 147p.
Vol. 11 (1986); 172p.
Vol. 12 (1987): 226p.
Vol. 13 (1988); 197p.
Vol. 13 (1988); 197p.
</subfield>
  </datafield>
  <datafield tag="650" ind1=" " ind2=" ">
    <subfield code="a">Management</subfield>
  </datafield>
  <datafield tag="653" ind1=" " ind2=" ">
    <subfield code="a">Biographical memoirs</subfield>
  </datafield>
  <datafield tag="942" ind1=" " ind2=" ">
    <subfield code="2">udc</subfield>
    <subfield code="c">PR</subfield>
  </datafield>
  <datafield tag="999" ind1=" " ind2=" ">
    <subfield code="c">27473</subfield>
    <subfield code="d">27473</subfield>
  </datafield>
  <datafield tag="952" ind1=" " ind2=" ">
    <subfield code="0">0</subfield>
    <subfield code="1">0</subfield>
    <subfield code="2">udc</subfield>
    <subfield code="4">0</subfield>
    <subfield code="6">R_9206160556540_M4</subfield>
    <subfield code="7">0</subfield>
    <subfield code="9">40439</subfield>
    <subfield code="a">NSL</subfield>
    <subfield code="b">NSL</subfield>
    <subfield code="c">GF/Rk-23/C-5/R-2</subfield>
    <subfield code="d">1988-03-01</subfield>
    <subfield code="h">Vol. 3 (1973); 100p.</subfield>
    <subfield code="l">0</subfield>
    <subfield code="o">R 92:061.6.055.6(540) M4</subfield>
    <subfield code="p">169024</subfield>
    <subfield code="r">2023-05-04 00:00:00</subfield>
    <subfield code="w">1988-03-01</subfield>
    <subfield code="y">PR</subfield>
  </datafield>
  <datafield tag="952" ind1=" " ind2=" ">
    <subfield code="0">0</subfield>
    <subfield code="1">0</subfield>
    <subfield code="2">udc</subfield>
    <subfield code="4">0</subfield>
    <subfield code="6">R_9206160556540_L9</subfield>
    <subfield code="7">0</subfield>
    <subfield code="9">40443</subfield>
    <subfield code="a">NSL</subfield>
    <subfield code="b">NSL</subfield>
    <subfield code="c">GF/Rk-23/C-5/R-2</subfield>
    <subfield code="d">1988-03-01</subfield>
    <subfield code="h">Vol. 6 (1979); 88p.</subfield>
    <subfield code="l">0</subfield>
    <subfield code="o">R 92:061.6.055.6(540) L9</subfield>
    <subfield code="p">169027</subfield>
    <subfield code="r">2023-05-04 00:00:00</subfield>
    <subfield code="w">1988-03-01</subfield>
    <subfield code="y">PR</subfield>
  </datafield>
  <datafield tag="952" ind1=" " ind2=" ">
    <subfield code="0">0</subfield>
    <subfield code="1">0</subfield>
    <subfield code="2">udc</subfield>
    <subfield code="4">0</subfield>
    <subfield code="6">R_9206160556540_M4</subfield>
    <subfield code="7">0</subfield>
    <subfield code="9">40446</subfield>
    <subfield code="a">NSL</subfield>
    <subfield code="b">NSL</subfield>
    <subfield code="c">GF/Rk-23/C-5/R-2</subfield>
    <subfield code="d">1988-03-01</subfield>
    <subfield code="h">Vol. 9 (1984); 134p.</subfield>
    <subfield code="l">0</subfield>
    <subfield code="o">R 92:061.6.055.6(540) M4</subfield>
    <subfield code="p">169194</subfield>
    <subfield code="r">2023-05-04 00:00:00</subfield>
    <subfield code="w">1988-03-01</subfield>
    <subfield code="y">PR</subfield>
  </datafield>
  <datafield tag="952" ind1=" " ind2=" ">
    <subfield code="0">0</subfield>
    <subfield code="1">0</subfield>
    <subfield code="2">udc</subfield>
    <subfield code="4">0</subfield>
    <subfield code="6">R_9206160556540_M5</subfield>
    <subfield code="7">0</subfield>
    <subfield code="9">40447</subfield>
    <subfield code="a">NSL</subfield>
    <subfield code="b">NSL</subfield>
    <subfield code="c">GF/Rk-23/C-5/R-2</subfield>
    <subfield code="d">1988-03-01</subfield>
    <subfield code="h">Vol. 10 (1985); 147p.</subfield>
    <subfield code="l">0</subfield>
    <subfield code="o">R 92:061.6.055.6(540) M5</subfield>
    <subfield code="p">169030</subfield>
    <subfield code="r">2023-05-04 00:00:00</subfield>
    <subfield code="w">1988-03-01</subfield>
    <subfield code="y">PR</subfield>
  </datafield>
  <datafield tag="952" ind1=" " ind2=" ">
    <subfield code="0">0</subfield>
    <subfield code="1">0</subfield>
    <subfield code="2">udc</subfield>
    <subfield code="4">0</subfield>
    <subfield code="6">R_9206160556540_M6</subfield>
    <subfield code="7">0</subfield>
    <subfield code="9">40450</subfield>
    <subfield code="a">NSL</subfield>
    <subfield code="b">NSL</subfield>
    <subfield code="c">GF/Rk-23/C-5/R-2</subfield>
    <subfield code="d">1988-03-01</subfield>
    <subfield code="h">Vol. 11 (1986); 172p.</subfield>
    <subfield code="l">0</subfield>
    <subfield code="o">R 92:061.6.055.6(540) M6</subfield>
    <subfield code="p">169195</subfield>
    <subfield code="r">2023-05-04 00:00:00</subfield>
    <subfield code="w">1988-03-01</subfield>
    <subfield code="y">PR</subfield>
  </datafield>
  <datafield tag="952" ind1=" " ind2=" ">
    <subfield code="0">0</subfield>
    <subfield code="1">0</subfield>
    <subfield code="2">udc</subfield>
    <subfield code="4">0</subfield>
    <subfield code="6">R_9206160556540_M7</subfield>
    <subfield code="7">0</subfield>
    <subfield code="9">40455</subfield>
    <subfield code="a">NSL</subfield>
    <subfield code="b">NSL</subfield>
    <subfield code="c">GF/Rk-23/C-5/R-2</subfield>
    <subfield code="d">1988-03-01</subfield>
    <subfield code="h">Vol. 12 (1987): 226p.</subfield>
    <subfield code="l">0</subfield>
    <subfield code="o">R 92:061.6.055.6(540) M7</subfield>
    <subfield code="p">170243</subfield>
    <subfield code="r">2023-05-04 00:00:00</subfield>
    <subfield code="w">1988-03-01</subfield>
    <subfield code="y">PR</subfield>
  </datafield>
  <datafield tag="952" ind1=" " ind2=" ">
    <subfield code="0">0</subfield>
    <subfield code="1">0</subfield>
    <subfield code="2">udc</subfield>
    <subfield code="4">0</subfield>
    <subfield code="6">R_9206160556540_M8</subfield>
    <subfield code="7">0</subfield>
    <subfield code="9">40458</subfield>
    <subfield code="a">NSL</subfield>
    <subfield code="b">NSL</subfield>
    <subfield code="c">GF/Rk-23/C-5/R-2</subfield>
    <subfield code="d">1988-03-01</subfield>
    <subfield code="h">Vol. 13 (1988); 197p.</subfield>
    <subfield code="l">0</subfield>
    <subfield code="o">R 92:061.6.055.6(540) M8</subfield>
    <subfield code="p">108231</subfield>
    <subfield code="r">2023-05-04 00:00:00</subfield>
    <subfield code="w">1988-03-01</subfield>
    <subfield code="y">PR</subfield>
  </datafield>
  <datafield tag="952" ind1=" " ind2=" ">
    <subfield code="0">0</subfield>
    <subfield code="1">0</subfield>
    <subfield code="2">udc</subfield>
    <subfield code="4">0</subfield>
    <subfield code="6">R_9206160556540_M8</subfield>
    <subfield code="7">0</subfield>
    <subfield code="9">40460</subfield>
    <subfield code="a">NSL</subfield>
    <subfield code="b">NSL</subfield>
    <subfield code="c">GF/Rk-23/C-5/R-2</subfield>
    <subfield code="d">1988-03-01</subfield>
    <subfield code="h">Vol. 13 (1988); 197p.</subfield>
    <subfield code="l">0</subfield>
    <subfield code="o">R 92:061.6.055.6(540) M8</subfield>
    <subfield code="p">170244</subfield>
    <subfield code="r">2023-05-04 00:00:00</subfield>
    <subfield code="w">1988-03-01</subfield>
    <subfield code="y">PR</subfield>
  </datafield>
  <datafield tag="952" ind1=" " ind2=" ">
    <subfield code="0">0</subfield>
    <subfield code="1">0</subfield>
    <subfield code="2">udc</subfield>
    <subfield code="4">0</subfield>
    <subfield code="6">R_9206160556540_K06</subfield>
    <subfield code="7">0</subfield>
    <subfield code="9">40474</subfield>
    <subfield code="a">NSL</subfield>
    <subfield code="b">NSL</subfield>
    <subfield code="c">GF/Rk-23/C-5/R-2</subfield>
    <subfield code="d">1988-03-01</subfield>
    <subfield code="h">Vol. 6 (1960); 197p.</subfield>
    <subfield code="l">0</subfield>
    <subfield code="o">R 92:061.6.055.6(540) K0.6</subfield>
    <subfield code="p">184250</subfield>
    <subfield code="r">2023-05-04 00:00:00</subfield>
    <subfield code="w">1988-03-01</subfield>
    <subfield code="y">PR</subfield>
  </datafield>
</record>
